| 000 | 00551cam a22001097a 4500 | ||
|---|---|---|---|
| 008 | 180718b1985 xxu||||| |||| 00| 0 eng d | ||
| 082 | _aL28x54 In2rb | ||
| 245 |
_aBackground papers of the Committee to examine principles of a possible shift from physical to financial controls _cby Ministry of Finance, Department of Economic Affairs, Economic Division |
||
| 260 |
_a _bMinistry of Finance, Department of Economic Affairs, Economic Affairs _c1985 |
||
| 300 | _a98p. | ||
| 700 | _aIndia. Economic Division. Department of Economic Affairs. Ministry of Finance | ||
| 999 |
_c500339 _d500339 |
||